00630 2200217 4500001002100000005001500021035002000036245011900056100001600175250000600191300003300197700002400230260003500254082001000289084001600299020001800315650002800333990001700361990001700378990001700395INLIS00000000000081020190306123712 a0010-03190000231 aEnsiklopedia Matematika Terapan :bMatematika Dalam Rancang Bangun /cSue Thomson; Penerjemah, Rachmad Isnanto,S.S0 aSue Thomson a- a56 hlm. :bilus. ;c29,7 cm.0 aRachmad Isnanto,S.S aKlaten :bCempaka Putih,c2009 a510.3 a510.3 SUE e a979-662-447-8 aEnsiklopedia Matematika a02911/H/2018 a02912/H/2018 a02913/H/2018